Las teorías ibéricas y colombinas del señor Marqués De Dos Fuentes y sus contradictores en Chile

Guardat en:
Dades bibliogràfiques
Autor principal: Vaïsse, Emilio (Emeth, Omer) (autor)
Format: Llibre
Idioma:espanyol
Publicat: Santiago Imprenta de El Mercurio 1918
Edició:1a. ed
Matèries:
Etiquetes: Afegir etiqueta
Sense etiquetes, Sigues el primer a etiquetar aquest registre!

MARC

LEADER 00000nam a2200000 a 4500
001 UCJ6123
003 CL-VaPUC
008 070124e19180000CL |||||||||||||||||spa|d
082 0 4 |a 980  |b VAI  |2 21 
100 |a Vaïsse, Emilio  |q (Emeth, Omer)  |e autor  |9 877928 
245 1 4 |a Las teorías ibéricas y colombinas del señor Marqués De Dos Fuentes y sus contradictores en Chile 
250 |a 1a. ed 
300 |a 58 p 
942 |c BK 
945 |d 20070124 00:00:00  |a rinostro 
260 |a Santiago  |b Imprenta de El Mercurio  |c 1918 
500 |a Edición de 115 ejemplares 
600 0 7 |a OLMET, ANTON DEL  |2 CL-VaPUC  |9 512407 
600 0 7 |a DOS FUENTES, MARQUES DE  |2 CL-VaPUC  |9 512408 
600 0 7 |a COLON, CRISTOBAL  |2 CL-VaPUC  |9 265189 
650 7 |a IBERISMO  |2 CL-VaPUC  |9 512409 
650 7 |a BIBLIOGRAFIA  |2 CL-VaPUC  |9 256175 
650 7 |a POLEMICAS CIENTIFICAS  |2 CL-VaPUC  |9 512410 
650 7 |a DESCUBRIMIENTO DE AMERICA  |2 CL-VaPUC  |9 512411 
583 |a last modification  |c 20070124 00:00:00  |k Rodrigo Vera 
999 |c 322231  |d 322229 
952 |0 0  |1 0  |4 0  |6 980_000000000000000_VAI_1918  |7 0  |8 X  |9 401173  |a FDOBUD  |b FDOBUD  |d 2019-11-22  |i 1044001  |o 980 VAI 1918  |p 1044001  |r 2019-11-22  |w 2019-11-22  |y BK_X  |k BUD